Evolution: (Record no. 14091)

000 -LEADER
fixed length control field 00375nam a22001571a 4500
020 ## - INTERNATIONAL STANDARD BOOK NUMBER
ISBN 9781851683710
082 ## - DEWEY DECIMAL CLASSIFICATION NUMBER
Classification number 576.8
Item number BUR/E
100 ## - MAIN ENTRY--AUTHOR NAME
Personal name Burton S Guttman
245 ## - TITLE STATEMENT
Title Evolution:
Sub Title a beginner's guide/
Statement of responsibility, etc by Burton S Guttman
260 ## - PUBLICATION, DISTRIBUTION, ETC. (IMPRINT)
Place of publication Oxford:
Name of publisher Oneworld,
Year of publication 2012.
300 ## - PHYSICAL DESCRIPTION
Number of Pages 203p.
650 ## - SUBJECT ADDED ENTRY--TOPICAL TERM
Topical Term Biology
650 ## - SUBJECT ADDED ENTRY--TOPICAL TERM
Topical Term Evolution
650 ## - SUBJECT ADDED ENTRY--TOPICAL TERM
Topical Term Sciences
942 ## - ADDED ENTRY ELEMENTS (KOHA)
Koha item type Book
Holdings
Withdrawn status Lost status Damaged status Not for loan Permanent Location Current Location Date acquired Cost, normal purchase price Full call number Accession Number Cost, replacement price Price effective from Koha item type
        Sree Sankaracharya University of Sanskrit Sree Sankaracharya University of Sanskrit 08.01.2015 299.00 576.8 BUR/E 070156 0.00 08.01.2015 Book